000 00333nam a22001337a 4500
020 _a0-340-89465-2
082 _a823
_bBLY/F
100 _aENID BLYTON
245 _aTHE FAMOUS FIVE
_bFIVE GO DOWN TO THE SEA
260 _aGREAT BRITAIN
_bHODDER CHILDRENS BOOK
_c2004
300 _a248
650 _aADVENTURE
_zUNITED KINGDOM
942 _cBK
999 _c195
_d195